Výchovně vzdělávací činnost v ČSVTS sborník : Praha, listopad 1983 : učební text pro kvalifikační kursy oborových inženýrů a organizátorů výchovně vzedělávacích akcí v ČSVTS
Salvato in:
| Natura: | Libro |
|---|---|
| Lingua: | ceco |
| Pubblicazione: |
Praha
Dům techniky ČSVTS
1984
|
| Tags: |
Nessun Tag, puoi essere il primo ad aggiungerne!!
|
MARC
| LEADER | 00000nam a2200000 4500 | ||
|---|---|---|---|
| 001 | c108877 | ||
| 005 | 20181203150304.3 | ||
| 041 | 0 | |a cze | |
| 044 | |a CZ | ||
| 245 | 1 | 0 | |a Výchovně vzdělávací činnost v ČSVTS |b sborník : Praha, listopad 1983 : učební text pro kvalifikační kursy oborových inženýrů a organizátorů výchovně vzedělávacích akcí v ČSVTS |
| 264 | 1 | |a Praha |b Dům techniky ČSVTS |c 1984 | |
| 300 | |a 133 s. | ||